| 000 | 00589nam a2200241Ia 4500 | ||
|---|---|---|---|
| 003 | OSt | ||
| 005 | 20220924132456.0 | ||
| 006 | a|||||r|||| 00| 0 | ||
| 007 | ta | ||
| 008 | 220923b |||||||| |||| 00| 0 san d | ||
| 024 | _a57993 | ||
| 037 | _cTextual | ||
| 040 |
_aARTS _cARTS _bsan |
||
| 041 |
_2san _asan |
||
| 082 | _aQ1:9, 15F7 | ||
| 100 |
_aMadhusudna _9204321 |
||
| 245 | 0 | _aSamsayataducchedavada | |
| 260 | _c1927 | ||
| 490 | _amadhusudana granthamala; 3 | ||
| 650 | _aRELIGION | ||
| 942 |
_hQ1:9, 15F7 _cTEXL _2CC |
||
| 999 |
_c430339 _d430339 |
||